| 000 | 00737nam a2200253Ia 4500 | ||
|---|---|---|---|
| 003 | OSt | ||
| 005 | 20220927103127.0 | ||
| 006 | a|||||r|||| 00| 0 | ||
| 007 | ta | ||
| 008 | 220926b |||||||| |||| 00| 0 eng d | ||
| 024 | _a2539 | ||
| 037 | _cReference Collections | ||
| 040 |
_aRTL _cRTL _beng |
||
| 041 |
_2eng _aeng |
||
| 082 | _a"Z1,fN47, K7/UN" | ||
| 110 |
_a"UN, PUBLIC INFORMATION (Office of-)" _9353224 |
||
| 245 | 0 | _aWork of the International Law Commission | |
| 260 |
_aN _bY U N _c1967 |
||
| 300 |
_a168p _ccm. |
||
| 650 |
_aInternational Law _9353225 |
||
| 700 |
_a"UN, PUBLIC INFORMATION (Office of-)" _9353226 |
||
| 942 |
_h"Z1,fN47, K7/UN" _cCC |
||
| 999 |
_c680640 _d680640 |
||